| 000 | 00505nam a2200193Ia 4500 | ||
|---|---|---|---|
| 008 | 130318s9999 xx 000 0 und d | ||
| 020 | _a8177584502 | ||
| 082 | _a658.8 LOV/S | ||
| 100 | _aLovelock, Christopher | ||
| 245 | _aServices marketing people,technology,strategy | ||
| 250 | _a5 | ||
| 260 |
_bPearson Education _aSouth Asia _c2006 |
||
| 300 | _a594 | ||
| 650 | _aMANAGEMENT | ||
| 650 | _aMARKETING | ||
| 650 | _aSERVICES MARKETING | ||
| 700 | _aChatterjee, Jayanta | ||
| 700 | _aWirtz, Jochen | ||
| 999 |
_c1109 _d1109 |
||